us presidents - Statistics

General Stats
  • This quiz has been taken 7 times
  • The average score is 17 of 20
Answer Stats
Answer % Correct
5 1933–1945 Franklin D. Roosevelt
100%
13 1981–1989 Ronald Reagan
100%
14 1989–1993 George H.W. Bush
100%
15 1993–2001 Bill Clinton
100%
16 2001–2009 George W. Bush
100%
17 2009–2017 Barack Obama
100%
18 2017–2021 Donald Trump
100%
19 2021–2025 Joe Biden
100%
20 2025– Donald Trump
100%
3 1923–1929 Calvin Coolidge
86%
10 1969–1974 Richard Nixon
86%
1 1913–1921 Woodrow Wilson
71%
6 1945–1953 Harry Truman
71%
7 1953–1961 Dwight D. Eisenhower
71%
8 1961–1963 John F. Kennedy
71%
9 1963–1969 Lyndon B. Johnson
71%
11 1974–1977 Gerald R. Ford
71%
12 1977–1981 Jimmy Carter
71%
4 1929–1933 Herbert Hoover
57%
2 1921–1923 Warren Harding
43%
No matching quizzes found
Score Distribution
Percent of People with Each Score
Percentile by Number Answered
Your Score History
You have not taken this quiz